1269 1827 1202 1549 1715 1974 1019 1536 1655 1931 1305 1645 1944 1476 1665 1877 1520 1605 1477 1515 1579 1422 1356 1648 1390 1154 1530 1634 1380 1633 1620 1978 1213 1863 1737 1883 1868 1914 1262 1234 1141 1347 1187 1144 1091 1612 1287 1852 1172 1190 1092 1225 1377 1183 1702 1291 1807 1513 1619 1562 1435 1421 1764 1221 1987 1846 1485 1039 1210 1501 1641 1755 1430 1443 1926 1761 1179 1081 1454 1880 1715 1521 1798 1061 1784 1921 1355 1873 1944 1836 1321 1228 1778 1444 1612 1674 1050 1527 1755 BCNSPRNW ULIB Ver.6.0+V

เปลี่ยนเป็นภาษาไทย

Change to English
 แสดงรายละเอียดบรรณานุกรม
  กลับหน้าหลัก

Brief Record : Get Marc (ISO 2709) : E-mail record : QR code < ปิดหน้าต่าง
LEADER : 00000nam 2200000uu 4500
001    13399113659
003     ULIB
008    020711s2549 th a 000 0 tha d
020    ^a9749463854
090    ^aนว.^bs11ม 2549
100    ^aSteve Cash
245    ^aเดอะเม็ก เผ่าพันธุ์อมตะ/^cSteve Cash
260    ^aกรุงเทพฯ :^bนานมีบุ๊ค,^c2549
300    ^a527 หน้า
945    ^p345^l0^i019595
995    ทศพร
999 ^a ใช้งานได้ทุกระบบ
รายการนี้ยังไม่มีแท็ก
คุณยังไม่ได้ล็อกอิน คุณสามารถมีกิจกรรมร่วมกับเว็บไซต์ได้ แต่ต้องล็อกอินก่อน ::
  ล็อกอิน

รายการสื่อสารสนเทศ

ลำดับที่ ประเภท เลขเรียก/บาร์โค้ด สถานที่ สถานะ
1. นวนิยาย
นวนิยาย
นว. s11ม 2549 ฉ.1 
  Barcode: 019595
ห้องสมุดวิทยาเขตสวรรค์ประชารักษ์
►นวนิยาย
บนชั้น
  ขอยืม

BibComment


ยังไม่เคยถูกคอมเมนท์

คอมเมนท์ทรัพยากรรายการนี้
  คอมเมนท์: เดอะเม็ก เผ่าพัน..


 Copyright 2026. Bcnsprnw @Library